| 000 | 00604nam a2200193 a 4500 | ||
|---|---|---|---|
| 003 | PILC | ||
| 005 | 20160205095427.0 | ||
| 008 | 100809s19uu xx 00 eng d | ||
| 020 | _a9781841693408 | ||
| 050 |
_aBF 455 _b.H27133 2010 |
||
| 100 | _aHarley, Trevor A. | ||
| 245 |
_aTalking the talk : _blanguage, psychology and science / _cTrevor A. Harley |
||
| 260 |
_aNew York : _bNew York, _c2010. |
||
| 300 |
_a338 pages : _billustrations ; _c26 cm. |
||
| 500 | _aInclude glossary, bibliographical references and indexes. | ||
| 650 | _aPsycholinguistics. | ||
| 942 |
_cBK _2lcc _kFOR |
||
| 999 |
_c24041 _d24041 |
||